Dějiny Iráku

Recenzia na historické dielo týkajúce sa dejín Iraku

Enregistré dans:
Détails bibliographiques
Auteur principal: Sorby, Karol R.
Format: Chapitre de livre
Langue:slovaque
Sujets:
Tags: Ajouter un tag
Pas de tags, Soyez le premier à ajouter un tag!

MARC

LEADER 00000naa a2200000 4500
001 0188908
005 20240502073208.8
041 0 |a slo 
044 |a SK 
245 1 0 |a Dějiny Iráku  |c Karol R. Sorby 
520 |a Recenzia na historické dielo týkajúce sa dejín Iraku 
610 2 0 |a politika medzinárodná 
610 2 0 |a recenzie 
610 2 0 |a dejiny 
610 2 0 |a Irak 
100 1 |a Sorby, Karol R.